| 000 | 00486nam a2200193Ia 4500 | ||
|---|---|---|---|
| 003 | OSt | ||
| 005 | 20250612112745.0 | ||
| 020 | _a978-0-1281-1905-1 | ||
| 040 | _cLIBRARY OF CONGRESS | ||
| 050 | _aQA 76.9. H46 2019 | ||
| 100 | _aJOHN L. HENNESY | ||
| 245 | 0 | _aCOMPUTER ARCHITECTURE: A QUANTITATIVE APPROACH | |
| 250 | _a6TH ED. | ||
| 300 | _aXXIX,617P. | ||
| 500 | _aINCLUDES AN INDEX | ||
| 600 | _2COMPUTER ARCHITECTURE | ||
| 700 | _aPATTERSON DAVID A. | ||
| 942 |
_cBK _2lcc _n0 |
||
| 999 |
_c215681 _d215681 |
||